[Event "RUS-chT 26th"]
[Site "Sochi"]
[Date "2019.05.05"]
[Round "5.1"]
[White "Bocharov, Ivan"]
[Black "Dominguez Perez, Leinier"]
[Result "1/2-1/2"]
[WhiteElo "2568"]
[BlackElo "2750"]
[PlyCount "138"]
[EventDate "2019.05.01"]
[EventType "team-tourn"]
[EventRounds "9"]
[EventCountry "RUS"]
[SourceTitle "CBM 190 Extra"]
[Source "ChessBase"]
[SourceDate "2019.07.15"]
[SourceVersion "1"]
[SourceVersionDate "2019.07.15"]
[SourceQuality "1"]
[WhiteTeam "Novosibirsk Siberia"]
[BlackTeam "St Petersburg Bronze Horseman"]
[WhiteTeamCountry "RUS"]
[BlackTeamCountry "RUS"]

1. e4 c5 2. Nf3 d6 3. d4 cxd4 4. Nxd4 Nf6 5. Nc3 a6 6. f3 e5 7. Nb3 Be6 8. Be3 h5 9. Nd5 Bxd5 10. exd5 Nbd7 11. Qd2 g6 12. Be2 Bg7 13. 0-0 b6 14. c4 0-0 15. Rae1 Rc8 16. Kh1 Re8 17. Qd1 a5 18. Bg5 Qc7 19. Nd2 e4 20. Nb1 exf3 21. gxf3 Ne5 22. Na3 Qd7 23. Rg1 Qf5 24. Qb1 Qh3 25. Rg3 Qd7 26. Bf1 Nh7 27. Bh3 Ng4 28. Be3 Rxe3 29. Rxe3 Nf2+ 30. Kg2 Nxh3 31. Rxh3 Bh6 32. Re2 Bf4 33. Rh4 Qd8 34. Qe1 Qg5+ 35. Kh1 Nf6 36. Rxf4 Qxf4 37. Qg3 Qxg3 38. hxg3 Kf8 39. Kg2 Re8 40. Rxe8+ Kxe8 41. Nb5 Ke7 42. b3 Nd7 43. Kf2 a4 44. Ke3 axb3 45. axb3 Nc5 46. Nd4 Kf6 47. Nb5 Ke7 48. Nd4 Nd7 49. Nc6+ Ke8 50. Na7 Kd8 51. Nb5 Ke7 52. Na7 Nc5 53. Nc8+ Kd7 54. Nxb6+ Kc7 55. Na4 Nxb3 56. Nc3 Nc5 57. Nb5+ Kd7 58. Nd4 Ke7 59. Nc6+ Kf6 60. Na7 Ke7 61. Nc6+ Kd7 62. Nd4 Nb7 63. f4 Nc5 64. Nf3 Ke7 65. Kd4 f6 66. Ke3 Kf7 67. Kd4 Ke7 68. Ke3 Kf7 69. Kd4 Ke7 1/2-1/2

[Event "RUS-chT 26th"]
[Site "Sochi"]
[Date "2019.05.02"]
[Round "2.1"]
[White "Lobanov, Sergei"]
[Black "Bocharov, Ivan"]
[Result "1/2-1/2"]
[WhiteElo "2513"]
[BlackElo "2568"]
[PlyCount "81"]
[EventDate "2019.05.01"]
[EventType "team-tourn"]
[EventRounds "9"]
[EventCountry "RUS"]
[SourceTitle "CBM 190 Extra"]
[Source "ChessBase"]
[SourceDate "2019.07.15"]
[SourceVersion "1"]
[SourceVersionDate "2019.07.15"]
[SourceQuality "1"]
[WhiteTeam "St Petersburg SShOR"]
[BlackTeam "Novosibirsk Siberia"]
[WhiteTeamCountry "RUS"]
[BlackTeamCountry "RUS"]

1. e4 c6 2. d4 d5 3. e5 Bf5 4. Bd3 Bxd3 5. Qxd3 Qa5+ 6. Nd2 e6 7. Ne2 c5 8. 0-0 Nc6 9. c3 Rc8 10. f4 Nge7 11. g4 cxd4 12. Nxd4 Nxd4 13. cxd4 h5 14. h3 hxg4 15. hxg4 Nc6 16. Nb3 Qb6 17. Be3 Nb4 18. Qd1 Rh3 19. Re1 Rc2 20. Re2 Rxe2 21. Qxe2 Qa6 22. Qxa6 bxa6 23. Bd2 Rg3+ 24. Kf2 Rxg4 25. Kf3 Rh4 26. Rc1 Kd7 27. Bxb4 Bxb4 28. Nc5+ Bxc5 29. Rxc5 Rh2 30. Ra5 Rxb2 31. Rxa6 Rb7 32. Kg4 Rb4 33. Rxa7+ Ke8 34. Ra8+ Ke7 35. Ra7+ Ke8 36. Ra8+ Ke7 37. Ra7+ Ke8 38. Ra8+ Ke7 39. Ra7+ Ke8 40. Ra8+ Ke7 41. Ra7+ 1/2-1/2